000 00428nam a2200157Ia 4500
008 210716s2011 xx 000 0 und d
020 _a9781846683404
041 _aeng
082 _a658.40068 STAN
100 _aStanford, Naomi.
245 _aOrganisation culture: getting it right.
_bGetting it right.
250 _a1
260 _aLondon
_bProfile Books Ltd
_c2011
300 _aix,273
650 _aOrganisational Behavior
999 _c207784
_d207784